按照辖区最东端从东至西依次写出全国地州市 - Statistics

General Stats
  • This quiz has been taken 29 times
    28 since last reset
  • The average score is 202 of 371
Answers on the Map
Answers color-coded by a green-red scale on the quiz's map according to % correct below.
 
Answer Stats
最东端经度 地州市 首次出现 % Correct
135.087E 佳木斯 黑龙江
100%
134.339E 双鸭山
94%
133.939E 鸡西
94%
132.518E 鹤岗
94%
131.929E 七台河
94%
131.311E 延边 吉林
94%
131.299E 牡丹江
94%
130.773E 伊春
94%
130.232E 哈尔滨
94%
129.519E 黑河
94%
128.548E 绥化
94%
128.315E 白山
94%
127.915E 吉林
94%
127.087E 长春
94%
127.015E 大兴安岭
88%
126.745E 通化
88%
126.662E 齐齐哈尔
88%
126.190E 松原
88%
126.076E 呼伦贝尔 内蒙古
88%
125.838E 辽源
88%
125.801E 大庆
88%
125.784E 本溪 辽宁
88%
125.783E 四平
88%
125.708E 丹东
88%
125.482E 抚顺
88%
125.100E 铁岭
88%
124.594E 台湾
88%
124.368E 白城
88%
123.808E 沈阳
88%
123.763E 鞍山
88%
123.715E 通辽
88%
123.684E 辽阳
88%
123.629E 兴安
88%
123.515E 大连
88%
123.002E 营口
88%
122.968E 阜新
88%
122.833E 舟山 浙江
88%
122.698E 威海 山东
88%
122.595E 锦州
88%
122.484E 盘锦
88%
122.293E 宁波
88%
122.113E 上海
88%
121.954E 南通 江苏
88%
121.937E 台州
88%
121.927E 烟台
88%
121.382E 苏州
88%
121.296E 朝阳
88%
121.275E 嘉兴
88%
121.254E 温州
88%
121.226E 绍兴
88%
121.031E 葫芦岛
88%
120.981E 赤峰
88%
120.976E 青岛
88%
120.969E 盐城
88%
120.779E 金华
88%
120.725E 杭州
88%
120.600E 无锡
88%
120.554E 泰州
88%
120.511E 福州 福建
88%
120.495E 湖州
88%
120.434E 宁德
88%
120.433E 丽水
88%
120.199E 常州
88%
120.007E 潍坊
88%
119.978E 锡林郭勒
88%
119.969E 镇江
88%
119.915E 日照/连云港
88%
119.907E 扬州
88%
119.847E 秦皇岛 河北
88%
119.644E 宣城 安徽
81%
119.641E 淮安
81%
119.551E 莆田
81%
119.341E 衢州
81%
119.305E 唐山
81%
119.284E 东营
81%
119.271E 南平
81%
119.240E 承德
81%
119.236E 南京
81%
119.226E 滁州
81%
119.194E 临沂
81%
119.171E 宿迁
81%
119.007E 泉州
81%
118.898E 黄山
81%
118.884E 马鞍山
81%
118.728E 芜湖
81%
118.673E 徐州
81%
118.666E 三明
81%
118.517E 淄博
81%
118.481E 上饶 江西
81%
118.380E 厦门
81%
118.378E 滨州
81%
118.179E 宿州
81%
118.133E 漳州
81%
117.191E 潮州 广东
81%
116.647E 商丘 河南
81%
118.075E 蚌埠
75%
118.057E 天津
75%
117.994E 泰安
75%
117.9689E 济南
75%
117.941E 沧州
75%
117.862E 三沙 海南
75%
117.831E 枣庄
75%
117.745E 龙岩
75%
117.600E 德州
75%
117.589E 济宁
75%
117.506E 北京
75%
116.130E 黄冈 湖北
75%
118.155E 铜陵
69%
118.129E 池州
69%
117.9686E 合肥
69%
117.704E 景德镇
69%
117.147E 汕头
69%
116.930E 梅州
69%
116.630E 揭阳
69%
117.467E 鹰潭
63%
117.295E 抚州
63%
117.256E 廊坊
63%
117.250E 六安
63%
117.245E 安庆
63%
117.210E 淮南
63%
117.041E 淮北
63%
116.932E 汕尾
63%
116.895E 九江
63%
116.824E 亳州
63%
116.632E 赣州
63%
116.629E 阜阳
63%
116.560E 南昌
63%
116.559E 衡水
63%
116.541E 聊城
63%
116.406E 菏泽
63%
114.560E 大同 山西
63%
116.458E 张家口
56%
116.329E 保定
56%
116.149E 宜春
56%
116.093E 濮阳
56%
115.935E 信阳
56%
115.931E 吉安
56%
115.847E 邢台
56%
115.644E 周口
56%
115.588E 河源
56%
115.506E 黄石
56%
115.477E 石家庄
56%
115.476E 邯郸
56%
115.402E 新余
56%
115.261E 开封
56%
115.207E 驻马店
56%
114.254E 长沙 湖南
56%
115.422E 惠州
50%
115.085E 鄂州
50%
115.077E 武汉
50%
115.015E 新乡
50%
114.982E 安阳
50%
114.966E 咸宁
50%
114.803E 乌兰察布
50%
114.747E 鹤壁
50%
114.739E 韶关
50%
114.623E 深圳
50%
114.582E 孝感
50%
114.397E 香港
50%
114.321E 许昌
50%
114.318E 珠海
50%
114.291E 漯河
50%
114.277E 萍乡
50%
114.255E 东莞
50%
114.228E 郴州
50%
114.206E 郑州
50%
114.146E 岳阳
50%
114.133E 晋中
50%
114.130E 随州
50%
114.101E 株洲
50%
114.086E 荆州
50%
114.055E 广州
50%
114.040E 阳泉
50%
112.057E 贺州 广西
50%
111.245E 榆林 陕西
50%
109.592E 黔东南 贵州
50%
108.708E 庆阳 甘肃
50%
113.962E 忻州
44%
113.807E 南阳
44%
113.730E 长治
44%
113.626E 中山
44%
113.590E 澳门
44%
113.258E 江门
44%
111.109E 怀化
44%
111.023E 商洛
44%
109.465E 铜仁
44%
108.572E 防城港
44%
108.534E 达州 四川
44%
108.300E 黔南
44%
108.211E 遵义
44%
107.854E 平凉
44%
107.660E 吴忠 宁夏
44%
107.275E 贵阳
44%
107.134E 乌海
44%
106.972E 石嘴山
44%
106.194E 文山 云南
44%
105.647E 定西
44%
103.072E 海东 青海
44%
99.112E 昌都 西藏
44%
96.387E 哈密 新疆
44%
78.875E 克孜勒苏
44%
113.927E 清远
38%
113.819E 仙桃
38%
113.682E 平顶山
38%
113.643E 焦作
38%
113.619E 晋城
38%
113.564E 朔州
38%
113.488E 荆门
38%
113.462E 天门
38%
113.386E 佛山
38%
113.280E 衡阳
38%
113.151E 太原
38%
113.116E 襄阳
38%
113.085E 湘潭
38%
113.027E 潜江
38%
112.974E 洛阳
38%
112.940E 益阳
38%
112.878E 肇庆
38%
112.766E 济源
38%
112.567E 临汾
38%
112.518E 娄底
38%
112.517E 云浮
38%
112.454E 永州
38%
112.364E 阳江
38%
112.323E 吕梁
38%
112.307E 呼和浩特
38%
112.300E 常德
38%
112.086E 邵阳
38%
112.081E 宜昌
38%
112.072E 运城
38%
112.025E 三门峡
38%
111.678E 茂名
38%
111.660E 梧州
38%
111.579E 十堰
38%
111.487E 桂林
38%
111.455E 鄂尔多斯
38%
111.439E 包头
38%
111.328E 张家界
38%
111.273E 文昌
38%
110.977E 神农架
38%
110.967E 湛江
38%
110.896E 玉林
38%
110.684E 海口
38%
110.684E 琼海
38%
110.659E 贵港
38%
110.637E 恩施
38%
110.608E 渭南
38%
110.572E 万宁
38%
110.550E 延安
38%
109.617E 南宁
38%
109.491E 铜川
38%
109.403E 乐东
38%
109.294E 昌江
38%
109.173E 咸阳
38%
109.155E 河池
38%
109.122E 东方
38%
108.278E 汉中
38%
108.111E 崇左
38%
108.048E 宝鸡
38%
107.882E 百色
38%
107.759E 巴中
38%
107.301E 广安
38%
106.948E 固原
38%
106.881E 银川
38%
106.862E 阿拉善
38%
106.453E 中卫
38%
106.380E 泸州
38%
105.997E 遂宁
38%
105.725E 绵阳
38%
105.526E 白银
38%
105.309E 昭通
38%
105.171E 德阳
38%
104.896E 成都
38%
104.819E 曲靖
38%
104.760E 甘南
38%
104.575E 兰州
38%
104.506E 眉山
38%
104.428E 阿坝
38%
104.278E 红河
38%
104.251E 乐山
38%
104.206E 武威
38%
103.871E 凉山
38%
103.857E 临夏
38%
103.669E 昆明
38%
103.392E 雅安
38%
103.151E 玉溪
38%
102.727E 金昌
38%
102.639E 海北
38%
102.492E 甘孜
38%
102.483E 楚雄
38%
102.448E 黄南
38%
102.327E 普洱
38%
102.246E 攀枝花
38%
102.204E 张掖
38%
101.915E 西宁
38%
101.834E 西双版纳
38%
101.775E 果洛
38%
101.772E 海南
38%
101.514E 丽江
38%
101.042E 大理
38%
100.546E 临沧
38%
100.310E 迪庆
38%
100.241E 酒泉
38%
100.045E 保山
38%
99.697E 海西
38%
99.644E 怒江
38%
98.753E 林芝
38%
98.725E 德宏
38%
98.519E 嘉峪关
38%
97.770E 玉树
38%
95.631E 新星
38%
95.047E 那曲
38%
94.355E 山南
38%
93.819E 巴音郭楞
38%
92.621E 拉萨
38%
91.916E 吐鲁番
38%
91.567E 昌吉
38%
91.077E 阿勒泰
38%
90.347E 日喀则
38%
88.973E 乌鲁木齐
38%
87.333E 塔城
38%
86.326E 阿里
38%
86.021E 克拉玛依
38%
85.252E 伊犁
38%
84.988E 和田
38%
84.085E 阿克苏
38%
83.796E 博尔塔拉
38%
79.891E 喀什
38%
110.548E 定安
31%
110.456E 来宾
31%
110.391E 湘西
31%
110.258E 澄迈
31%
110.249E 屯昌
31%
110.201E 安康
31%
110.190E 重庆
31%
110.176E 陵水
31%
110.171E 柳州
31%
110.154E 琼中
31%
109.892E 临高
31%
109.881E 巴彦淖尔
31%
109.865E 钦州
31%
109.848E 保亭
31%
109.824E 西安
31%
109.808E 三亚
31%
109.7651E 儋州
31%
109.7645E 北海
31%
109.727E 五指山
31%
109.698E 白沙
31%
106.961E 南充
31%
106.772E 广元
31%
106.723E 毕节
31%
106.714E 天水
31%
106.588E 陇南
31%
106.563E 安顺
31%
106.528E 黔西南
31%
105.739E 资阳
31%
105.719E 六盘水
31%
105.435E 内江
31%
105.355E 宜宾
31%
105.268E 自贡
31%
89.064E 铁门关
31%
88.428E 北屯
31%
87.713E 五家渠
31%
86.139E 石河子
31%
85.052E 胡杨河
31%
82.937E 白杨
31%
82.718E 双河
31%
81.976E 阿拉尔
31%
81.328E 昆玉
31%
81.126E 可克达拉
31%
79.607E 图木舒克
31%
No matching quizzes found
Score Distribution
Percent of People with Each Score
Percentile by Number Answered
Your Score History
You have not taken this quiz since the last reset